000 00559nam a2200217Ia 4500
003 OSt
005 20220925230257.0
006 a|||||r|||| 00| 0
007 ta
008 220923b |||||||| |||| 00| 0 eng d
037 _cGeneral Book
040 _aRTL
_cRTL
_beng
041 _2eng
_aeng
082 _aYb4, N0
100 _aHarvey Lee
_9231469
245 0 _aCritical social research
260 _aLondon
_bUnvin Hyman
_c1990
300 _axiii ,259p
_ccm.
942 _hYb4, N0
_cGB
_2CC
999 _c585074
_d585074